Th-mphil-Violacein capped silver Nanoparticles: Synthesis characterization and Antibacterial, Antifungal, Antialgal, Anticancer & Cytotoxic Properties (Record no. 479995)
[ view plain ]
| 000 -LEADER | |
|---|---|
| fixed length control field | 00494nam a22001577a 4500 |
| 003 - CONTROL NUMBER IDENTIFIER | |
| control field | ASAB |
| 005 - DATE AND TIME OF LATEST TRANSACTION | |
| control field | 20200308163750.0 |
| 008 - FIXED-LENGTH DATA ELEMENTS--GENERAL INFORMATION | |
| fixed length control field | 160203t xxu||||| |||| 00| 0 eng d |
| 038 ## - RECORD CONTENT LICENSOR | |
| Staff Name | ATTA |
| 040 ## - CATALOGING SOURCE | |
| Transcribing agency | ASAB |
| 082 ## - DEWEY DECIMAL CLASSIFICATION NUMBER | |
| Classification number | 0 |
| 100 ## - MAIN ENTRY--PERSONAL NAME | |
| Personal name | Sania Arif-sup-Dr. Hassnain Ahmed Janjua |
| 9 (RLIN) | 28845 |
| 245 ## - TITLE STATEMENT | |
| Title | Th-mphil-Violacein capped silver Nanoparticles: Synthesis characterization and Antibacterial, Antifungal, Antialgal, Anticancer & Cytotoxic Properties |
| 300 ## - PHYSICAL DESCRIPTION | |
| Extent | 58 p. |
| 942 ## - ADDED ENTRY ELEMENTS (KOHA) | |
| Source of classification or shelving scheme | |
| Koha item type | Thesis |
| Withdrawn status | Lost status | Source of classification or shelving scheme | Damaged status | Not for loan | Collection code | Permanent Location | Current Location | Date acquired | Total Checkouts | Full call number | Barcode | Date last seen | Date last checked out | Price effective from | Koha item type | Shelving location |
|---|---|---|---|---|---|---|---|---|---|---|---|---|---|---|---|---|
| Atta-ur-Rahman School of Applied Biosciences (ASAB) | Atta-ur-Rahman School of Applied Biosciences (ASAB) | 02/03/2016 | 2 | Thesis Sania Arif | ASABMs-33-15 | 04/24/2018 | 06/23/2016 | 02/03/2016 | ||||||||
| Central Library (CL) | Central Library (CL) | 01/20/2020 | 660 | CL-T-4710 | 01/20/2020 | 01/20/2020 | Thesis | Thesis |
